LEADER 01196nam 2200373 450 001 9910130581903321 005 20160621165023.0 010 $a88-95960-01-7 035 $a(CKB)3400000000020788 035 $a(ItFiC)it 08682976 035 $a(EXLCZ)993400000000020788 100 $a20091204d2008 uy 0 101 0 $aita 200 10$aKultur, Zivilisation, Decivilization$b[electronic resource] $el'immaginario sociale moderno di fronte alle sfide della globalizzazione /$fFranco Manti 210 $aGenova $cName$d2008 215 $a102 p 225 0$aLectio magistralis ;$v1 300 $aF. Manti teaches at the University of Genoa. 320 $aIncludes bibliographical references. 517 $aKultur, zivilisation, decivilization 606 $aCivilization$xPhilosophy 606 $aCulture$xPhilosophy 606 $aSocial contract 615 0$aCivilization$xPhilosophy. 615 0$aCulture$xPhilosophy. 615 0$aSocial contract. 676 $a190 700 $aManti$b Franco$0268981 801 0$bItFiC 801 1$bItFiC 906 $aBOOK 912 $a9910130581903321 996 $aKultur, Zivilisation, Decivilization$92431181 997 $aUNINA LEADER 01112nam 2200385 450 001 9910317796603321 005 20221012184000.0 010 $a1-83881-508-2 010 $a1-78923-648-7 035 $a(CKB)4970000000100118 035 $a(NjHacI)994970000000100118 035 $a(EXLCZ)994970000000100118 100 $a20221012d2018 uy 0 101 0 $aeng 135 $aur||||||||||| 181 $ctxt$2rdacontent 182 $cc$2rdamedia 183 $acr$2rdacarrier 200 00$aTopics in the surgery of the biliary tree /$fedited by Hesham Abdeldayem 210 1$aLondon, England :$cIntechOpen,$d[2018] 210 4$dİ2018 215 $a1 online resource (134 pages) 311 $a1-78923-649-5 606 $aBiliary tract$xDiseases 606 $aBiliary tract$xSurgery 615 0$aBiliary tract$xDiseases. 615 0$aBiliary tract$xSurgery. 676 $a616.36 702 $aAbdeldayem$b Hesham 801 0$bNjHacI 801 1$bNjHacl 906 $aBOOK 912 $a9910317796603321 996 $aTopics in the Surgery of the Biliary Tree$91971526 997 $aUNINA LEADER 01719nas 2200505-a 450 001 9910136850303321 005 20260218111308.0 011 $a1988-2475 035 $a(CKB)110978984348257 035 $a(CONSER)---92644549- 035 $a(MiAaPQ)55453 035 $a(DE-599)ZDB2207937-3 035 $a(MiFhGG)3GJJ 035 $a(DE-599)2207937-3 035 $a(EXLCZ)99110978984348257 100 $a19901024a19889999 --- - 101 0 $aspa 181 $ctxt$2rdacontent 182 $cc$2rdamedia 183 $acr$2rdacarrier 200 00$aCuadernos de historia moderna 210 $aMadrid $cUniversidad Complutense de Madrid, Facultad de Geografia e Historia, Departamento de Historia Moderna$d1988- 215 $a1 online resource 300 $aRefereed/Peer-reviewed 311 08$aPrint version: Cuadernos de historia moderna. (DLC) 92644549 (OCoLC)22578087 0214-4018 531 $aCUAD HIST MOD 531 0 $aCuad. hist. mod. 606 $aHistory, Modern$y17th century$vPeriodicals 606 $aHistory, Modern$y18th century$vPeriodicals 606 $aHistory, Modern$2fast$3(OCoLC)fst00958367 606 $aHistory, Modern$y17th century$vPeriodicals$2nli 606 $aHistory, Modern$y18th century$vPeriodicals$2nli 608 $aPeriodicals.$2fast 615 0$aHistory, Modern 615 0$aHistory, Modern 615 7$aHistory, Modern. 615 7$aHistory, Modern 615 7$aHistory, Modern 676 $a909.82/05 712 02$aUniversidad Complutense de Madrid.$bDepartamento de Historia Moderna. 906 $aJOURNAL 912 $a9910136850303321 920 $aexl_impl conversion 996 $aCuadernos de historia moderna$92013867 997 $aUNINA